000
00203nam a22000857a 4500
008
160805b xxu||||| |||| 00| 0 eng d
100
_9
50
_a
Scholastic J
245
_a
Rascal Starling North
260
_a
USA
_c
1990
999
_c
2702
_d
2702